| 000 | 00541nam a2200217Ia 4500 | ||
|---|---|---|---|
| 005 | 20250425162345.0 | ||
| 008 | 250425s9999 xx 000 0 und d | ||
| 020 | _a0131989251 | ||
| 041 | _aeng | ||
| 082 | _a621.3192 | ||
| 100 | _aNILSSON, JAMES W. | ||
| 245 | 0 | _aELECTRIC CIRCUITS | |
| 250 | _a8TH ED. | ||
| 260 |
_aEstados Unidos _bPEARSON EDUCACION _c2008 |
||
| 260 | _aUPPER SADDLE RIVER | ||
| 300 | _a855 | ||
| 650 | _aANALISIS DE CIRCUITOS ELECTRICOS | ||
| 650 | _aCIRCUITOS ELECTRICOS | ||
| 942 | _c01 | ||
| 010 | _a65343 | ||
| 999 |
_c227593 _d227593 |
||